[Event "Treviso Master op 4th"]
[Site "Treviso"]
[Date "2023.04.01"]
[Round "3"]
[White "Tramalloni, Luca"]
[Black "Tripodi, Enzo"]
[Result "0-1"]
[WhiteElo "1968"]
[BlackElo "2120"]
[PlyCount "164"]
[EventDate "2023.03.31"]
[EventType "swiss"]
[EventRounds "5"]
[EventCountry "ITA"]
[SourceTitle "EXT 2024"]
[Source "ChessBase"]
[SourceDate "2023.10.10"]
[SourceVersion "1"]
[SourceVersionDate "2023.10.10"]
[SourceQuality "1"]

1. d4 Nf6 2. c4 e6 3. Nf3 d5 4. g3 dxc4 5. Qa4+ Bd7 6. Qxc4 Bc6 7. Bg2 Nbd7 8. Nc3 Nd5 9. 0-0 Nxc3 10. bxc3 Be7 11. Re1 Nf6 12. Qd3 Be4 13. Qb5+ Qd7 14. Qxd7+ Nxd7 15. Ng5 Bxg2 16. Kxg2 c5 17. Rb1 b6 18. Bf4 0-0 19. Ne4 cxd4 20. cxd4 Nf6 21. Nxf6+ Bxf6 22. e3 Rfc8 23. Rec1 Kf8 24. Bd6+ Ke8 25. Kf3 Kd7 26. Ba3 Rxc1 27. Rxc1 Rb8 28. Ke4 a5 29. d5 b5 30. dxe6+ Kxe6 31. Rc6+ Kd7 32. Ra6 b4 33. Rxa5 bxa3 34. Rxa3 Rb2 35. Ra7+ Kc6 36. Kf3 Rb7 37. Ra5 Kb6 38. Ra8 Ra7 39. Rxa7 Kxa7 40. Ke4 Kb6 41. Kd5 Be7 42. h3 Ba3 43. f4 Kc7 44. e4 Kd7 45. e5 Ke7 46. g4 Bc1 47. f5 Ba3 48. Kc6 g6 49. Kd5 g5 50. Kc6 h6 51. Kd5 Kd7 52. e6+ fxe6+ 53. fxe6+ Kc7 54. Ke5 Bb2+ 55. Kf5 Kd6 56. a4 Bc3 57. Kg6 Kxe6 58. Kxh6 Bf6 59. Kg6 Bd8 60. a5 Kd5 61. a6 Kc6 62. Kf7 Kb6 63. Ke8 Bc7 64. Kd7 Bg3 65. a7 Kxa7 66. Kc6 Ka6 67. Kc5 Ka5 68. Kc4 Bf2 69. Kd3 Kb4 70. Ke2 Bh4 71. Kd3 Kc5 72. Ke3 Kd5 73. Kd3 Ke5 74. Ke3 Kd5 75. Kd3 Bg3 76. Ke3 Kc4 77. Kf3 Bh4 78. Ke4 Kc3 79. Ke3 Kc2 80. Ke2 Bg3 81. Kf3 Be1 82. Ke2 Bh4 0-1

[Event "Imola Ferrari Cup 1st"]
[Site "Imola"]
[Date "2021.12.05"]
[Round "5"]
[White "Mrdja, Milan"]
[Black "Tramalloni, Luca"]
[Result "1-0"]
[WhiteElo "2248"]
[BlackElo "1989"]
[PlyCount "67"]
[EventDate "2021.12.03"]
[EventType "swiss"]
[EventRounds "5"]
[EventCountry "ITA"]
[SourceTitle "EXT 2023"]
[Source "ChessBase"]
[SourceDate "2022.10.05"]
[SourceVersion "1"]
[SourceVersionDate "2022.10.05"]
[SourceQuality "1"]

1. e4 g6 2. d4 Bg7 3. Nc3 c6 4. f4 d5 5. e5 Nh6 6. Nf3 0-0 7. h3 f6 8. Be3 Nf5 9. Bf2 fxe5 10. Nxe5 Nd6 11. g3 Nd7 12. Bd3 Nf6 13. Qe2 Bf5 14. 0-0-0 Nfe4 15. Be1 Qc8 16. Qh2 Nxc3 17. Bxc3 Be4 18. Rhe1 a5 19. h4 b5 20. h5 gxh5 21. Qxh5 b4 22. Bd2 Rf6 23. Qe2 Bxd3 24. Qxd3 Ne4 25. Qf3 Rh6 26. f5 Nxd2 27. Rxd2 Rf6 28. Rf2 e6 29. g4 exf5 30. gxf5 Qc7 31. Rg1 Kh8 32. Rfg2 Rg8 33. Qh5 Bh6+ 34. Qxh6 1-0

[Event "Mestre Sheraton op-A 1st"]
[Site "Mestre"]
[Date "2021.02.28"]
[Round "5"]
[White "Tramalloni, Luca"]
[Black "Maione, Melissa"]
[Result "1/2-1/2"]
[WhiteElo "1980"]
[BlackElo "1869"]
[PlyCount "50"]
[EventDate "2021.02.26"]
[EventType "swiss"]
[EventRounds "5"]
[EventCountry "ITA"]
[SourceTitle "EXT 2022"]
[Source "ChessBase"]
[SourceDate "2021.10.06"]
[SourceVersion "1"]
[SourceVersionDate "2021.10.06"]
[SourceQuality "1"]

1. d4 Nf6 2. Bg5 g6 3. Bxf6 exf6 4. c4 c5 5. d5 d6 6. Nc3 Bg7 7. e3 0-0 8. Nge2 Re8 9. Nf4 f5 10. Qc2 Nd7 11. Bd3 Ne5 12. Be2 Bd7 13. 0-0 Qh4 14. g3 Qe7 15. Rae1 Kh8 16. Ng2 Qf8 17. f4 Ng4 18. Bxg4 fxg4 19. Re2 a6 20. Rfe1 b5 21. b3 f5 22. Kh1 b4 23. Nd1 Re7 24. Nf2 Rae8 25. Nd3 Bc3 1/2-1/2

[Event "Bassano del Grappa op 10"]
[Site "Bassano del Grappa"]
[Date "2020.10.25"]
[Round "5"]
[White "Tramalloni, Luca"]
[Black "Loiacono, Antonio"]
[Result "0-1"]
[WhiteElo "1987"]
[BlackElo "2323"]
[PlyCount "92"]
[EventDate "2020.10.23"]
[EventType "swiss"]
[EventRounds "5"]
[EventCountry "ITA"]
[SourceTitle "EXT 2022"]
[Source "ChessBase"]
[SourceDate "2021.10.06"]
[SourceVersion "1"]
[SourceVersionDate "2021.10.06"]
[SourceQuality "1"]

1. d4 Nf6 2. Bg5 e6 3. Nd2 h6 4. Bh4 c5 5. e3 cxd4 6. exd4 Nc6 7. c3 Be7 8. Bd3 d6 9. h3 0-0 10. Ngf3 Re8 11. 0-0 Bd7 12. Re1 Qc7 13. Bg3 a6 14. a4 Rad8 15. b4 Na7 16. c4 a5 17. b5 b6 18. Nb3 Qb7 19. Qe2 Rc8 20. Rec1 Bf8 21. c5 dxc5 22. dxc5 Bxc5 23. Nxc5 Rxc5 24. Rxc5 bxc5 25. Ne5 Ra8 26. Nc4 Nc8 27. Qe3 Qa7 28. Be5 Nd5 29. Qe4 f5 30. Qf3 Ncb6 31. Qg3 Be8 32. Bd6 Rc8 33. Be5 Nxc4 34. Bxc4 Qf7 35. Rd1 f4 36. Qb3 Rd8 37. b6 Bc6 38. Bc7 Re8 39. Bd6 Qd7 40. Bxc5 Bxa4 41. Rxd5 exd5 42. Bxd5+ Kh8 43. Qf3 Re1+ 44. Kh2 Bd1 45. b7 Bxf3 46. b8Q+ Re8 0-1

[Event "Bassano del Grappa op 10"]
[Site "Bassano del Grappa"]
[Date "2020.10.24"]
[Round "3"]
[White "Tramalloni, Luca"]
[Black "Pieropan, Giorgio"]
[Result "1-0"]
[WhiteElo "1987"]
[BlackElo "1813"]
[PlyCount "46"]
[EventDate "2020.10.23"]
[EventType "swiss"]
[EventRounds "5"]
[EventCountry "ITA"]
[SourceTitle "EXT 2022"]
[Source "ChessBase"]
[SourceDate "2021.10.06"]
[SourceVersion "1"]
[SourceVersionDate "2021.10.06"]
[SourceQuality "1"]

1. d4 d5 2. Nf3 Nf6 3. c4 c6 4. Qc2 e6 5. g3 Nbd7 6. Nbd2 Bd6 7. Bg2 0-0 8. 0-0 Re8 9. b3 e5 10. cxd5 Nxd5 11. Nc4 Bb8 12. Ncxe5 Nxe5 13. Nxe5 Bxe5 14. dxe5 Rxe5 15. Bb2 Re8 16. Rad1 Qg5 17. e4 Nc7 18. f4 Qh6 19. f5 f6 20. Qc4+ Kh8 21. Qf7 Qe3+ 22. Kh1 Qb6 23. e5 fxe5 1-0

[Event "Robecchetto op 32nd"]
[Site "Robecchetto"]
[Date "2019.12.27"]
[Round "2"]
[White "Pavon Cardenas, Jesus Miguel"]
[Black "Tramalloni, Luca"]
[Result "1-0"]
[WhiteElo "2256"]
[BlackElo "2017"]
[PlyCount "57"]
[EventDate "2019.12.26"]
[EventType "swiss"]
[EventRounds "6"]
[EventCountry "ITA"]
[SourceTitle "CBM 194 Extra"]
[Source "ChessBase"]
[SourceDate "2020.03.31"]
[SourceVersion "1"]
[SourceVersionDate "2020.03.31"]
[SourceQuality "1"]

1. d4 g6 2. e4 Bg7 3. Nc3 c6 4. f4 d5 5. e5 Nh6 6. Nf3 0-0 7. Bd3 Bg4 8. Be3 f6 9. 0-0 Nd7 10. h3 Bxf3 11. Rxf3 fxe5 12. fxe5 Rxf3 13. Qxf3 e6 14. Ne2 Qb6 15. Nf4 Qxb2 16. Qd1 Nf8 17. Rb1 Qxa2 18. Rxb7 a5 19. Nh5 gxh5 20. Qxh5 Qa1+ 21. Kh2 Ng6 22. Bxh6 Bxe5+ 23. dxe5 Qxe5+ 24. Qxe5 Nxe5 25. Bxh7+ Kh8 26. Bg7+ Kxh7 27. Bxe5+ Kg6 28. g4 a4 29. Re7 1-0

[Event "Biella op-A 9th"]
[Site "Biella"]
[Date "2018.09.29"]
[Round "3.10"]
[White "Drago, Paolo"]
[Black "Tramalloni, Luca"]
[Result "1/2-1/2"]
[WhiteElo "2089"]
[BlackElo "1973"]
[PlyCount "34"]
[EventDate "2018.09.28"]
[EventType "swiss"]
[EventRounds "5"]
[EventCountry "ITA"]
[SourceTitle "EXT 2024"]
[Source "ChessBase"]
[SourceDate "2023.10.10"]
[SourceVersion "1"]
[SourceVersionDate "2023.10.10"]
[SourceQuality "1"]

1. d4 Nf6 2. c4 c5 3. d5 e6 4. Nc3 exd5 5. cxd5 d6 6. e4 g6 7. Nf3 Bg7 8. Be2 0-0 9. 0-0 Re8 10. Qc2 Na6 11. Bg5 h6 12. Be3 Nc7 13. Nd2 Rb8 14. a4 a6 15. a5 Bd7 16. Rfe1 Nb5 17. h3 Qe7 1/2-1/2

[Event "Milan Crespi op-A 35th"]
[Site "Milan"]
[Date "2014.12.07"]
[Round "2"]
[White "Tramalloni, Luca"]
[Black "Gedajlovic, Max"]
[Result "1/2-1/2"]
[WhiteElo "2053"]
[BlackElo "2104"]
[PlyCount "159"]
[EventDate "2014.12.06"]
[EventType "swiss"]
[EventRounds "9"]
[EventCountry "ITA"]
[SourceTitle "EXT 2016"]
[Source "ChessBase"]
[SourceDate "2015.10.08"]
[SourceVersion "1"]
[SourceVersionDate "2015.10.08"]
[SourceQuality "1"]

1. d4 Nf6 2. Bg5 c6 3. Nd2 d5 4. Ngf3 Bf5 5. e3 Nbd7 6. Bd3 Bg6 7. Qe2 e6 8. 0-0 Be7 9. e4 dxe4 10. Nxe4 Nxe4 11. Bxe7 Qxe7 12. Bxe4 Bxe4 13. Qxe4 0-0 14. c3 Rfd8 15. Rad1 Nf6 16. Qe2 a5 17. a4 Rab8 18. Ne5 Qc7 19. Qc4 Ne4 20. Rfe1 Nd6 21. Qe2 Nf5 22. Qc4 Rd5 23. Nd3 Rbd8 24. Re5 Rxe5 25. dxe5 Qxe5 26. g4 Qe2 27. Re1 Qxd3 28. Qxd3 Rxd3 29. gxf5 Rd6 30. fxe6 fxe6 31. Re5 Rd1+ 32. Kg2 Rb1 33. Rxa5 Rxb2 34. c4 Rb4 35. c5 e5 36. Ra8+ Kf7 37. Rb8 Ke6 38. a5 Rb5 39. Rg8 Kf7 40. Rb8 Rxa5 41. Rxb7+ Kf6 42. Rc7 Rxc5 43. Kg3 Rc3+ 44. Kg2 h5 45. h3 c5 46. Rc8 c4 47. Rc7 h4 48. Rc8 Rc1 49. Rh8 c3 50. Rxh4 c2 51. Rc4 e4 52. Rc5 Ke6 53. Rc4 Kd5 54. Rc8 Kd4 55. Rd8+ Kc3 56. Rc8+ Kd2 57. Rd8+ Ke2 58. Rc8 Ke1 59. Rc7 g5 60. Rc8 Ke2 61. Rc7 Kd3 62. Rd7+ Kc4 63. Rc7+ Kd4 64. Rd7+ Ke5 65. Rc7 Kd6 66. Rc8 Ke5 67. Re8+ Kd5 68. Rd8+ Kc6 69. Rc8+ Kd6 70. Rc3 e3 71. fxe3 Ke5 72. Rc8 Ke4 73. Re8+ Kd3 74. Rd8+ Ke2 75. Rc8 Kxe3 76. Re8+ Kd4 77. Rd8+ Ke5 78. Re8+ Kd6 79. Rc8 Kd7 80. Rc3 1/2-1/2

[Event "Milan Crespi op-A 35th"]
[Site "Milan"]
[Date "2014.12.06"]
[Round "1"]
[White "Aleksic, Nenad"]
[Black "Tramalloni, Luca"]
[Result "1-0"]
[WhiteElo "2328"]
[BlackElo "2053"]
[PlyCount "75"]
[EventDate "2014.12.06"]
[EventType "swiss"]
[EventRounds "9"]
[EventCountry "ITA"]
[SourceTitle "EXT 2016"]
[Source "ChessBase"]
[SourceDate "2015.10.08"]
[SourceVersion "1"]
[SourceVersionDate "2015.10.08"]
[SourceQuality "1"]

1. e4 c6 2. d4 d5 3. Nc3 dxe4 4. Nxe4 Bf5 5. Ng3 Bg6 6. Nf3 Nd7 7. Bc4 e6 8. 0-0 Be7 9. Qe2 Ngf6 10. Bb3 0-0 11. Re1 Re8 12. Nh4 Nf8 13. c3 Qc7 14. Nxg6 hxg6 15. Bg5 N8h7 16. Bd2 Rad8 17. Rad1 a6 18. Ne4 Nxe4 19. Qxe4 Nf6 20. Qf3 Bd6 21. g3 Rd7 22. Bg5 Nh7 23. Be3 Nf6 24. Kg2 Red8 25. Rd2 Be7 26. Bf4 Bd6 27. Bg5 Be7 28. Rde2 Nd5 29. h4 b5 30. Bxe7 Rxe7 31. h5 gxh5 32. Qxh5 Nf6 33. Qg5 Red7 34. Rh1 c5 35. Qh4 Kf8 36. Qh8+ Ke7 37. Qxg7 cxd4 38. Rxe6# 1-0

[Event "Milan Crespi op-A 34th"]
[Site "Milan"]
[Date "2013.12.03"]
[Round "4"]
[White "Tramalloni, Luca"]
[Black "Calella, Sergio"]
[Result "1/2-1/2"]
[WhiteElo "2067"]
[BlackElo "2029"]
[PlyCount "92"]
[EventDate "2013.11.30"]
[EventType "swiss"]
[EventRounds "9"]
[EventCountry "ITA"]
[SourceTitle "CBM 157 Extra"]
[Source "ChessBase"]
[SourceDate "2013.12.19"]
[SourceVersion "1"]
[SourceVersionDate "2013.12.19"]
[SourceQuality "1"]

1. d4 Nf6 2. Bg5 g6 3. Bxf6 exf6 4. c4 Bg7 5. e3 0-0 6. Nc3 d6 7. g3 Nd7 8. Bg2 f5 9. Nge2 Nf6 10. 0-0 c6 11. b4 Re8 12. Qd3 Qe7 13. a4 Ne4 14. Rfe1 h5 15. b5 h4 16. a5 hxg3 17. hxg3 g5 18. Rab1 Bh6 19. Rb2 Bd7 20. bxc6 bxc6 21. Reb1 Nxc3 22. Nxc3 f4 23. e4 g4 24. gxf4 Bxf4 25. Ne2 Bg5 26. Ng3 Qf6 27. Rb7 Be6 28. R7b2 Bd7 29. Rb7 Be6 30. R7b2 Bd7 31. Nf5 Bxf5 32. exf5 d5 33. cxd5 cxd5 34. Rb7 Red8 35. Qb3 Qxd4 36. Rd1 Qc4 37. Bxd5 Qxb3 38. Bxb3 Rxd1+ 39. Bxd1 Kf8 40. Bxg4 a6 41. Bf3 Bd8 42. Bd5 f6 43. Rf7+ Ke8 44. Rg7 Rc8 45. Rg8+ Ke7 46. Bb7 Rc5 1/2-1/2

[Event "Milan Crespi op-A 32nd"]
[Site "Milan"]
[Date "2011.12.08"]
[Round "7"]
[White "Bemporad, Filippo"]
[Black "Tramalloni, Luca"]
[Result "1-0"]
[WhiteElo "2070"]
[BlackElo "2111"]
[PlyCount "101"]
[EventDate "2011.12.03"]
[EventType "swiss"]
[EventRounds "9"]
[EventCountry "ITA"]
[SourceTitle "EXT 2022"]
[Source "ChessBase"]
[SourceDate "2021.10.06"]
[SourceVersion "1"]
[SourceVersionDate "2021.10.06"]
[SourceQuality "1"]

1. d4 Nf6 2. Nf3 e6 3. g3 b5 4. Bg2 Bb7 5. 0-0 d6 6. b3 Nbd7 7. Bb2 Be7 8. Nbd2 0-0 9. c4 bxc4 10. Nxc4 c5 11. Rc1 Rc8 12. dxc5 Nxc5 13. Qd4 Bd5 14. b4 Na4 15. Ba1 Nb6 16. Nfd2 Bxg2 17. Kxg2 d5 18. Ne5 Qd6 19. a3 Rfd8 20. Ndf3 h6 21. Rfd1 Bf8 22. Nd2 Nfd7 23. Ng4 f6 24. f4 Be7 25. Qd3 Nf8 26. Nf3 Nc4 27. Ne3 Nb6 28. Nh4 Kf7 29. Nf3 Qd7 30. Qb3 Rxc1 31. Rxc1 Kg8 32. Rd1 Qb5 33. Nd4 Qd7 34. Qd3 Rc8 35. Rd2 Kf7 36. Nf3 Nc4 37. Nxc4 Rxc4 38. Qxc4 dxc4 39. Rxd7 Nxd7 40. Nd2 Nb6 41. Kf3 f5 42. Bd4 Bf6 43. Bxb6 c3 44. Be3 cxd2 45. Bxd2 e5 46. fxe5 Bxe5 47. b5 Ke6 48. Be3 Bb8 49. a4 g5 50. g4 fxg4+ 51. Kxg4 1-0

[Event "Milan Crespi op-A 31st"]
[Site "Milan"]
[Date "2010.12.05"]
[Round "2"]
[White "Tramalloni, Luca"]
[Black "Bemporad, Filippo"]
[Result "1-0"]
[WhiteElo "2144"]
[BlackElo "2068"]
[PlyCount "111"]
[EventDate "2010.12.04"]
[EventType "swiss"]
[EventRounds "9"]
[EventCountry "ITA"]
[SourceTitle "CBM 139 Extra"]
[Source "ChessBase"]
[SourceDate "2011.01.05"]
[SourceVersion "1"]
[SourceVersionDate "2011.01.05"]
[SourceQuality "1"]

1. d4 Nf6 2. c4 e6 3. g3 Be7 4. Bg2 d5 5. Nf3 0-0 6. 0-0 b6 7. Nc3 Bb7 8. Ne5 Nbd7 9. Qa4 c6 10. Nxd7 Qxd7 11. Rd1 Qc8 12. Bg5 h6 13. Bd2 Rd8 14. cxd5 cxd5 15. Rac1 Qd7 16. Qxd7 Rxd7 17. e3 Ba6 18. Bf1 Bxf1 19. Kxf1 Kf8 20. f3 Ne8 21. Na4 Nd6 22. b3 Nb5 23. Rc2 Ke8 24. Rdc1 Kd8 25. Rc6 Rc7 26. Rxc7 Nxc7 27. Nb2 Na6 28. Nd3 Bd6 29. Ke2 Rc8 30. Rxc8+ Kxc8 31. Ne5 Bxe5 32. dxe5 Kd7 33. Kd3 Kc6 34. Kd4 Nc7 35. Bb4 Nb5+ 36. Kd3 Nc7 37. Bf8 Ne8 38. g4 Kb5 39. Kc3 Kc6 40. h4 a6 41. h5 Kb5 42. a4+ Kc6 43. Kd4 Kc7 44. f4 Kc6 45. g5 Kd7 46. gxh6 gxh6 47. Bxh6 Ke7 48. Bg5+ Kf8 49. Bd8 Ng7 50. Bxb6 Nxh5 51. Kc5 Ke7 52. Kb4 Kd7 53. Ka5 Ng3 54. Kxa6 Kc8 55. Ka7 Ne4 56. Bd4 1-0

[Event "Bergamo op 09th"]
[Site "Bergamo"]
[Date "2010.07.17"]
[Round "3"]
[White "Contin, Daniel"]
[Black "Tramalloni, Luca"]
[Result "1-0"]
[WhiteElo "2307"]
[BlackElo "2113"]
[PlyCount "43"]
[EventDate "2010.07.16"]
[EventType "swiss"]
[EventRounds "6"]
[EventCountry "ITA"]
[SourceTitle "EXT 2024"]
[Source "ChessBase"]
[SourceDate "2023.10.10"]
[SourceVersion "1"]
[SourceVersionDate "2023.10.10"]
[SourceQuality "1"]

1. d4 Nf6 2. Nf3 g6 3. c4 Bg7 4. g3 0-0 5. Bg2 d5 6. cxd5 Nxd5 7. 0-0 Nc6 8. e4 Nb6 9. d5 Na5 10. Qe1 Nac4 11. Nc3 e6 12. b3 exd5 13. bxc4 dxe4 14. Ng5 f5 15. Bf4 h6 16. Rd1 Qf6 17. Ngxe4 fxe4 18. Nxe4 Qe7 19. c5 Nd7 20. Bxc7 Be5 21. Bd6 Bxd6 22. cxd6 1-0